Macroeconomics Demystified /

Tallennettuna:
Bibliografiset tiedot
Päätekijä: Swanenberg, August
Aineistotyyppi: Kirja
Kieli:English
Julkaistu: McGraw Hill Companies Inc, 2005.
Aiheet:
Tagit: Lisää tagi
Ei tageja, Lisää ensimmäinen tagi!
Thư viện lưu trữ: Mạng thư viện Đại học Đà Nẵng
LEADER 00917cam a22002771a 4500
001 000033339
003 9492
005 20221026161132.0
008 151016s2005 000 eng
020 |a 0071455116 
041 |a eng 
082 |a 420.33  |b SW-A 
100 |a Swanenberg, August 
245 0 |a Macroeconomics Demystified /  |c August Swanenberg. 
260 |a McGraw Hill Companies Inc,  |c 2005. 
300 |a 313p. : ;  |c 24cm. 
650 |a Macroeconomics,  |a Business 
OWN |a LNN 
AVA |a UDN50  |b LNN  |c English  |d 420.33 SW-A  |e available  |t Error 5001 Not defined in file expand_doc_bib_avail.  |f 1  |g 0  |h N  |i 0  |j AN  |k 1 
999 |a From the UDN01 
AVA |a UDN50  |b LNN  |c English  |d 420.33 SW-A  |e available  |t Error 5001 Not defined in file expand_doc_bib_avail.  |f 1  |g 0  |h N  |i 0  |j AN  |k 1 
TYP |a Monograph 
980 |a Mạng thư viện Đại học Đà Nẵng